[Event "SVK-chT4 A21 2122"]
[Site "Slovakia"]
[Date "2022.05.01"]
[Round "5.4"]
[White "Tomasovic, Pavol"]
[Black "Veres, Marcel"]
[Result "0-1"]
[WhiteElo "1233"]
[BlackElo "1476"]
[PlyCount "70"]
[EventDate "2021.10.17"]
[EventType "team-tourn"]
[EventRounds "11"]
[EventCountry "SVK"]
[SourceTitle "EXT 2024"]
[Source "ChessBase"]
[SourceDate "2023.10.10"]
[SourceVersion "1"]
[SourceVersionDate "2023.10.10"]
[SourceQuality "1"]
[WhiteTeam "Stefanov"]
[BlackTeam "Piestany Kupele III"]
[WhiteTeamCountry "SVK"]
[BlackTeamCountry "SVK"]

1. e4 e5 2. Nf3 Nc6 3. Bb5 d6 4. 0-0 Nf6 5. d4 Bd7 6. Nc3 exd4 7. Nxd4 Nxd4 8. Bxd7+ Qxd7 9. Qxd4 Be7 10. Bf4 0-0 11. Rad1 Rfd8 12. Rfe1 Qg4 13. Bg3 a6 14. Nd5 Nxd5 15. exd5 Qxd4 16. Rxd4 Bf6 17. Rb4 b6 18. b3 Bc3 19. Rbe4 Bxe1 20. Rxe1 Re8 21. Kf1 Rxe1+ 22. Kxe1 Re8+ 23. Kf1 g5 24. c4 f5 25. f4 h6 26. a4 Re3 27. b4 Re4 28. fxg5 hxg5 29. Be1 Rxc4 30. a5 bxa5 31. bxa5 Rc5 32. Kf2 Rxd5 33. g3 Rd4 34. Ke3 Re4+ 35. Kf2 c5 0-1

[Event "SVK-chT5 SE-SI 1920"]
[Site "Slovakia"]
[Date "2020.06.27"]
[Round "9.4"]
[White "Kaufmanova, Karin"]
[Black "Tomasovic, Pavol"]
[Result "0-1"]
[WhiteElo "1134"]
[BlackElo "1246"]
[PlyCount "72"]
[EventDate "2019.10.19"]
[EventType "team-tourn"]
[EventRounds "14"]
[EventCountry "SVK"]
[SourceTitle "EXT 2022"]
[Source "ChessBase"]
[SourceDate "2021.10.06"]
[SourceVersion "1"]
[SourceVersionDate "2021.10.06"]
[SourceQuality "1"]
[WhiteTeam "Senica CVC III"]
[BlackTeam "Stefanov II"]
[WhiteTeamCountry "SVK"]
[BlackTeamCountry "SVK"]

1. e4 e6 2. d4 d5 3. e5 c5 4. c3 Nc6 5. Bb5 Qb6 6. Ba4 Nh6 7. Nf3 Nf5 8. Bxc6+ bxc6 9. 0-0 cxd4 10. Nxd4 Nxd4 11. cxd4 Ba6 12. Re1 c5 13. Be3 Qxb2 14. Nd2 cxd4 15. Qa4+ Bb5 16. Bxd4 Bxa4 17. Bxb2 Bb4 18. Rad1 Bxd1 19. Rxd1 Bxd2 20. Rxd2 0-0 21. Ba3 Rfc8 22. Re2 Rab8 23. Re1 Rc3 24. Bd6 Rbc8 25. h3 Rc1 26. Rxc1 Rxc1+ 27. Kh2 Rc2 28. a3 Rxf2 29. Kg3 Rc2 30. h4 f6 31. exf6 gxf6 32. h5 h6 33. a4 Kf7 34. Bb8 a5 35. Ba7 Ra2 36. Bb6 Rxa4 0-1

[Event "SVK-chT5 SE-SI 1819"]
[Site "Slovakia"]
[Date "2019.02.23"]
[Round "8.2"]
[White "Tomasovic, Pavol"]
[Black "Kaufman, Robert"]
[Result "1/2-1/2"]
[WhiteElo "1256"]
[BlackElo "1373"]
[PlyCount "64"]
[EventDate "2018.10.20"]
[EventType "team-tourn"]
[EventRounds "10"]
[EventCountry "SVK"]
[SourceTitle "EXT 2020"]
[Source "ChessBase"]
[SourceDate "2019.10.17"]
[SourceVersion "1"]
[SourceVersionDate "2019.10.17"]
[SourceQuality "1"]
[WhiteTeam "Stefanov II"]
[BlackTeam "Senica CVC IV"]
[WhiteTeamCountry "SVK"]
[BlackTeamCountry "SVK"]

1. e4 e5 2. Nf3 Nc6 3. Bb5 a6 4. Ba4 Nf6 5. 0-0 Bc5 6. c3 b5 7. Bb3 0-0 8. d4 exd4 9. cxd4 Bb6 10. Bg5 d6 11. Nc3 Bg4 12. Bd5 Bxf3 13. gxf3 Qd7 14. Bxc6 Qxc6 15. Rc1 Ne8 16. Nd5 Qb7 17. Be7 Qa7 18. Bxf8 Kxf8 19. Nxb6 Qxb6 20. f4 Rd8 21. Re1 c5 22. dxc5 dxc5 23. Qc2 Qg6+ 24. Kh1 c4 25. b3 Qg4 26. Qc3 Rd3 27. Qb4+ Kg8 28. bxc4 Qf3+ 29. Kg1 Qg4+ 30. Kf1 Qh3+ 31. Kg1 Qg4+ 32. Kf1 Qh3+ 1/2-1/2

[Event "SVK-chT5 SE-SI 1819"]
[Site "Slovakia"]
[Date "2019.01.12"]
[Round "5.2"]
[White "Bochnickova, Simona"]
[Black "Tomasovic, Pavol"]
[Result "1-0"]
[WhiteElo "1537"]
[BlackElo "1266"]
[PlyCount "77"]
[EventDate "2018.10.20"]
[EventType "team-tourn"]
[EventRounds "10"]
[EventCountry "SVK"]
[SourceTitle "CBM 189 Extra"]
[Source "ChessBase"]
[SourceDate "2019.05.31"]
[SourceVersion "1"]
[SourceVersionDate "2019.05.31"]
[SourceQuality "1"]
[WhiteTeam "Senica CVC IV"]
[BlackTeam "Stefanov II"]
[WhiteTeamCountry "SVK"]
[BlackTeamCountry "SVK"]

1. e4 d6 2. d4 Nf6 3. Nc3 g6 4. Nf3 Bg7 5. Be2 0-0 6. 0-0 c5 7. dxc5 dxc5 8. Bc4 Nfd7 9. Qe2 Nc6 10. Bf4 Nde5 11. Nxe5 Nxe5 12. Nd5 Nxc4 13. Qxc4 e5 14. Bg3 b6 15. Rad1 Be6 16. Qc3 f6 17. Nf4 Qe7 18. Nxe6 Qxe6 19. Rd5 Rad8 20. Rfd1 Rxd5 21. Rxd5 Kh8 22. Qc4 h5 23. Rxc5 Qxc4 24. Rxc4 Rd8 25. f3 Kh7 26. Kf1 g5 27. Ke2 Kg6 28. Rc7 a5 29. Rb7 Rd6 30. Bf2 g4 31. Rxb6 Rxb6 32. Bxb6 a4 33. b3 axb3 34. cxb3 Bf8 35. a4 Bb4 36. a5 Kg5 37. a6 h4 38. a7 gxf3+ 39. gxf3 1-0

[Event "SVK-chT4 A21 1718"]
[Site "Slovakia"]
[Date "2018.03.18"]
[Round "11.5"]
[White "Krakorova, Hana"]
[Black "Tomasovic, Pavol"]
[Result "1-0"]
[WhiteElo "1021"]
[BlackElo "1284"]
[PlyCount "51"]
[EventDate "2017.10.01"]
[EventType "team-tourn"]
[EventRounds "11"]
[EventCountry "SVK"]
[SourceTitle "EXT 2020"]
[Source "ChessBase"]
[SourceDate "2019.10.17"]
[SourceVersion "1"]
[SourceVersionDate "2019.10.17"]
[SourceQuality "1"]
[WhiteTeam "Modranka Komplet"]
[BlackTeam "Stefanov"]
[WhiteTeamCountry "SVK"]
[BlackTeamCountry "SVK"]

1. e4 d6 2. Nf3 Nf6 3. Nc3 g6 4. Bc4 Bg7 5. d3 0-0 6. 0-0 c6 7. Bg5 Nbd7 8. Qd2 Ng4 9. h3 Nge5 10. Nxe5 Nxe5 11. Bb3 Be6 12. Bh6 Bxb3 13. Bxg7 Kxg7 14. axb3 e6 15. d4 Nd7 16. d5 Nf6 17. dxc6 bxc6 18. Rfd1 d5 19. exd5 cxd5 20. Qd4 a6 21. b4 Qb8 22. Na4 Qb5 23. Nc5 a5 24. bxa5 Rxa5 25. Rxa5 Qxa5 26. Nd7 1-0

[Event "SVK-chT5 SE-SI 1617"]
[Site "Slovakia"]
[Date "2017.03.18"]
[Round "9.3"]
[White "Zajicek, Ferdinand"]
[Black "Tomasovic, Pavol"]
[Result "1-0"]
[WhiteElo "1796"]
[BlackElo "1279"]
[PlyCount "83"]
[EventDate "2016.10.15"]
[EventType "team-tourn"]
[EventRounds "9"]
[EventCountry "SVK"]
[SourceTitle "EXT 2020"]
[Source "ChessBase"]
[SourceDate "2019.10.17"]
[SourceVersion "1"]
[SourceVersionDate "2019.10.17"]
[SourceQuality "1"]
[WhiteTeam "Gbely Nafta IV"]
[BlackTeam "Stefanov II"]
[WhiteTeamCountry "SVK"]
[BlackTeamCountry "SVK"]

1. e4 e6 2. Nf3 d5 3. exd5 exd5 4. d4 Nf6 5. Nc3 Bb4 6. Bd2 0-0 7. Be2 c5 8. 0-0 Nc6 9. dxc5 Bxc5 10. Na4 Bb6 11. Bg5 Be6 12. Nxb6 Qxb6 13. Bxf6 gxf6 14. b3 Rad8 15. Bd3 Ne5 16. Nh4 Bg4 17. Qd2 Nxd3 18. Qxd3 Kh8 19. Nf5 Bxf5 20. Qxf5 Qe6 21. Qf3 Rfe8 22. Rad1 Rd7 23. h3 Qc6 24. Rd2 d4 25. Qxc6 bxc6 26. b4 Re5 27. Rfd1 c5 28. a3 cxb4 29. axb4 Rc7 30. Rxd4 Rxc2 31. Rg4 Rg5 32. Rd7 Rxg4 33. hxg4 Kg7 34. Rxa7 Rc4 35. b5 Rxg4 36. b6 Rb4 37. b7 f5 38. g3 h6 39. Kg2 Kf6 40. f4 Rb6 41. Kh3 Kg6 42. Ra6 1-0

[Event "SVK-chT4 A21 1617"]
[Site "Slovakia"]
[Date "2017.02.26"]
[Round "10.5"]
[White "Tomasovic, Pavol"]
[Black "Divinec, Peter"]
[Result "0-1"]
[WhiteElo "1279"]
[BlackElo "1748"]
[PlyCount "64"]
[EventDate "2016.10.09"]
[EventType "team-tourn"]
[EventRounds "11"]
[EventCountry "SVK"]
[SourceTitle "EXT 2020"]
[Source "ChessBase"]
[SourceDate "2019.10.17"]
[SourceVersion "1"]
[SourceVersionDate "2019.10.17"]
[SourceQuality "1"]
[WhiteTeam "Stefanov"]
[BlackTeam "Piestany Kupele II"]
[WhiteTeamCountry "SVK"]
[BlackTeamCountry "SVK"]

1. e4 e5 2. Nf3 Nc6 3. Bb5 a6 4. Ba4 Nf6 5. 0-0 Be7 6. Re1 b5 7. Bb3 0-0 8. c3 d5 9. exd5 Nxd5 10. d4 exd4 11. Nxd4 Nxd4 12. Qxd4 Bb7 13. Be3 Nxe3 14. Qxe3 Re8 15. Qf4 Bf6 16. Rxe8+ Qxe8 17. Nd2 c5 18. a3 Rd8 19. Nf3 Bxf3 20. Qxf3 Rd2 21. Rb1 Rxb2 22. Bxf7+ Kxf7 23. Qh5+ g6 24. Qxh7+ Bg7 25. Rf1 Qh8 26. Qxh8 Bxh8 27. Rc1 Bxc3 28. g3 Bd4 29. Kg2 Rxf2+ 30. Kh3 Ra2 31. Rf1+ Kg7 32. Rf3 Bb2 0-1

[Event "SVK-chT5 SE-SI 1617"]
[Site "Slovakia"]
[Date "2017.02.04"]
[Round "6.3"]
[White "Tomasovic, Pavol"]
[Black "Daniel, Dusan"]
[Result "0-1"]
[WhiteElo "1279"]
[BlackElo "1503"]
[PlyCount "76"]
[EventDate "2016.10.15"]
[EventType "team-tourn"]
[EventRounds "9"]
[EventCountry "SVK"]
[SourceTitle "EXT 2020"]
[Source "ChessBase"]
[SourceDate "2019.10.17"]
[SourceVersion "1"]
[SourceVersionDate "2019.10.17"]
[SourceQuality "1"]
[WhiteTeam "Stefanov II"]
[BlackTeam "Holic III"]
[WhiteTeamCountry "SVK"]
[BlackTeamCountry "SVK"]

1. e4 e5 2. Nf3 Nc6 3. Bb5 a6 4. Ba4 Bc5 5. c3 Bb6 6. 0-0 d6 7. d4 Bg4 8. d5 Ba7 9. dxc6 b5 10. Bb3 Qf6 11. Nbd2 Ne7 12. Re1 Nxc6 13. Nf1 Bxf3 14. Qxf3 Qxf3 15. gxf3 b4 16. Bd5 Kd7 17. Bxf7 Rhf8 18. Bh5 g6 19. Bg4+ Ke8 20. Bh6 Rf7 21. Rac1 Rb8 22. Ne3 bxc3 23. Rxc3 Nd4 24. Nd5 Rxb2 25. Kg2 Nxf3 26. Rxf3 Rxf3 27. Bxf3 Rxf2+ 28. Kg3 Rxa2 29. Nxc7+ Kd7 30. Nd5 Bf2+ 31. Kh3 Bxe1 32. Nf6+ Kc6 33. Nxh7 a5 34. Nf6 Rf2 35. Kg4 Rxh2 36. Be3 Rh4+ 37. Kg5 Rh3 38. Kg4 Rg3+ 0-1

[Event "SVK-chT4 A21 1617"]
[Site "Slovakia"]
[Date "2016.12.04"]
[Round "5.5"]
[White "Tomasovic, Pavol"]
[Black "Ralbovsky, Milan"]
[Result "1/2-1/2"]
[WhiteElo "1278"]
[BlackElo "1520"]
[PlyCount "90"]
[EventDate "2016.10.09"]
[EventType "team-tourn"]
[EventRounds "11"]
[EventCountry "SVK"]
[SourceTitle "EXT 2018"]
[Source "ChessBase"]
[SourceDate "2017.10.13"]
[SourceVersion "1"]
[SourceVersionDate "2017.10.13"]
[SourceQuality "1"]
[WhiteTeam "Stefanov"]
[BlackTeam "Gbely Nafta III"]
[WhiteTeamCountry "SVK"]
[BlackTeamCountry "SVK"]

1. e4 e5 2. Nf3 Nc6 3. Bc4 h6 4. c3 Nf6 5. 0-0 Nxe4 6. d4 d5 7. Bd3 Bg4 8. Re1 f5 9. Nbd2 Bd6 10. Be2 Nxd2 11. Nxd2 Bxe2 12. Qxe2 e4 13. Qh5+ Ke7 14. Qxf5 Qg8 15. Qg4 Rf8 16. Nf3 Qf7 17. Re2 Kd8 18. Ne5 Bxe5 19. dxe5 Nxe5 20. Qg3 Nd3 21. Be3 g5 22. Rf1 Rhg8 23. h3 Rg6 24. f4 Rfg8 25. f5 Rf6 26. Qg4 Ne5 27. Qg3 Rxf5 28. Rxf5 Qxf5 29. Bxa7 Rf8 30. Rf2 Qf7 31. Rxf7 Nxf7 32. Bc5 Re8 33. Qe3 b6 34. Bd4 Nd6 35. b3 Rf8 36. a3 c5 37. Be5 Nf5 38. Qd2 Ne7 39. c4 d4 40. b4 e3 41. Qd3 Rf2 42. bxc5 Rd2 43. Qe4 e2 44. Kf2 d3 45. Bc3 e1Q+ 1/2-1/2

[Event "SVK-chT5 1516"]
[Site "Slovakia"]
[Date "2016.01.30"]
[Round "6.3"]
[White "Tomasovic, Pavol"]
[Black "Oslej, Marek"]
[Result "1-0"]
[WhiteElo "1308"]
[BlackElo "1092"]
[PlyCount "105"]
[EventDate "2015.10.24"]
[EventType "team-tourn"]
[EventRounds "9"]
[EventCountry "SVK"]
[SourceTitle "EXT 2017"]
[Source "ChessBase"]
[SourceDate "2016.10.25"]
[SourceVersion "1"]
[SourceVersionDate "2016.10.25"]
[SourceQuality "1"]
[WhiteTeam "Stefanov II"]
[BlackTeam "Senica Intechess"]
[WhiteTeamCountry "SVK"]
[BlackTeamCountry "SVK"]

1. e4 e5 2. Nf3 Nc6 3. Bb5 d6 4. 0-0 Bd7 5. d4 exd4 6. Nxd4 Nxd4 7. Bxd7+ Qxd7 8. Qxd4 Nf6 9. Re1 Be7 10. Nc3 0-0 11. Bg5 c5 12. Qe3 Ng4 13. Qf4 Bxg5 14. Qxg5 Nf6 15. Rad1 h6 16. Qf4 Qc6 17. Rxd6 Qc7 18. e5 Ne8 19. Rd5 f6 20. Qc4 Kh8 21. Rxc5 Qf7 22. Qxf7 Rxf7 23. e6 Rc7 24. Rxc7 Nxc7 25. f4 f5 26. h3 Re8 27. e7 Kg8 28. Re5 g6 29. g4 fxg4 30. hxg4 Kf7 31. Kg2 Rxe7 32. Rxe7+ Kxe7 33. Kg3 Kf6 34. Kh4 Ne6 35. Ne4+ Ke7 36. Kg3 Nd4 37. c3 Ne6 38. f5 gxf5 39. gxf5 Ng5 40. Nxg5 hxg5 41. Kg4 Kf6 42. a4 a5 43. b4 axb4 44. cxb4 b6 45. a5 bxa5 46. bxa5 Ke7 47. a6 Kd7 48. a7 Kd6 49. a8Q Ke7 50. Kxg5 Kf7 51. Qc6 Kg8 52. Kg6 Kh8 53. Qe8# 1-0

[Event "SVK-chT4 A21 1516"]
[Site "Slovakia"]
[Date "2016.01.24"]
[Round "7.5"]
[White "Tomasovic, Pavol"]
[Black "Madzo, Anton"]
[Result "1/2-1/2"]
[WhiteElo "1308"]
[BlackElo "1508"]
[PlyCount "129"]
[EventDate "2015.10.04"]
[EventType "team-tourn"]
[EventRounds "11"]
[EventCountry "SVK"]
[SourceTitle "EXT 2017"]
[Source "ChessBase"]
[SourceDate "2016.10.25"]
[SourceVersion "1"]
[SourceVersionDate "2016.10.25"]
[SourceQuality "1"]
[WhiteTeam "Stefanov"]
[BlackTeam "Vrbove III"]
[WhiteTeamCountry "SVK"]
[BlackTeamCountry "SVK"]

1. e4 e6 2. d4 d6 3. Nf3 h6 4. Bd3 Be7 5. 0-0 Nf6 6. Nc3 Nh7 7. Bf4 Bd7 8. e5 Nf8 9. exd6 Bxd6 10. Qd2 a6 11. Rfe1 Ng6 12. Bxd6 cxd6 13. d5 e5 14. Bxg6 fxg6 15. Re3 0-0 16. Rae1 Bf5 17. Ne4 Bxe4 18. Rxe4 Nd7 19. Rg4 g5 20. Rge4 Rc8 21. c3 Nf6 22. Rb4 b5 23. a4 Rc5 24. axb5 Rxd5 25. Qe2 axb5 26. Rxb5 Rxb5 27. Qxb5 Qb8 28. Qxb8 Rxb8 29. b4 Kf7 30. h3 Nd7 31. Nd2 Ke6 32. Rb1 d5 33. f3 Nb6 34. Kf2 h5 35. g3 Ra8 36. Rb2 g6 37. Ke3 Ra3 38. Rc2 Kf5 39. g4+ Ke6 40. Kd3 Ra1 41. Nb3 Rh1 42. Nc5+ Kd6 43. Nb3 Rxh3 44. Ke3 hxg4 45. Rf2 Nc4+ 46. Ke2 g3 47. Rf1 Rh2+ 48. Kd3 Nb2+ 49. Ke3 Rc2 50. Rc1 Rxc1 51. Nxc1 Kc6 52. Ne2 Nc4+ 53. Kd3 g2 54. Ng1 Nd6 55. Ke2 Nf5 56. Kf2 Nh4 57. Nh3 Nxf3 58. Kxf3 d4 59. cxd4 exd4 60. Kxg2 Kb5 61. Nxg5 Kxb4 62. Kf2 Kc3 63. Nf3 d3 64. Ke3 Kc2 65. Ne1+ 1/2-1/2

[Event "SVK-chT5 1516"]
[Site "Slovakia"]
[Date "2016.01.16"]
[Round "5.2"]
[White "Tomasovic, Pavol"]
[Black "Simek, Adam"]
[Result "1-0"]
[WhiteElo "1308"]
[BlackElo "1097"]
[PlyCount "81"]
[EventDate "2015.10.24"]
[EventType "team-tourn"]
[EventRounds "9"]
[EventCountry "SVK"]
[SourceTitle "EXT 2017"]
[Source "ChessBase"]
[SourceDate "2016.10.25"]
[SourceVersion "1"]
[SourceVersionDate "2016.10.25"]
[SourceQuality "1"]
[WhiteTeam "Stefanov II"]
[BlackTeam "Borsky Mikulas"]
[WhiteTeamCountry "SVK"]
[BlackTeamCountry "SVK"]

1. e4 e5 2. Nf3 Nc6 3. Bb5 Nf6 4. 0-0 Nxe4 5. d4 Nxd4 6. Nxd4 exd4 7. Qxd4 Qe7 8. Re1 f5 9. f3 Qh4 10. g3 Bc5 11. Qxc5 Qe7 12. Qxe7+ Kxe7 13. fxe4 d6 14. exf5+ Kf6 15. g4 h5 16. h3 hxg4 17. hxg4 g6 18. Nc3 gxf5 19. g5+ Kf7 20. Bf4 Rh4 21. Bc4+ Kg7 22. Rf1 Be6 23. Bxe6 Rg4+ 24. Kf2 Rxf4+ 25. Kg3 Rg4+ 26. Kf3 Rxg5 27. Rg1 Kf6 28. Rxg5 Kxg5 29. Rg1+ Kf6 30. Bc4 Re8 31. Rg8 Re4 32. Bd3 Rh4 33. Nb5 c5 34. Nxd6 c4 35. Nxc4 Rh3+ 36. Rg3 Rh4 37. Nd6 Rg4 38. Rxg4 fxg4+ 39. Kxg4 Ke6 40. Nxb7 Kd7 41. Kf4 1-0

[Event "SVK-chT5 SE-SI 1415"]
[Site "Slovakia"]
[Date "2015.01.10"]
[Round "6.5"]
[White "Tomasovic, Pavol"]
[Black "Sukopcak, Miroslav"]
[Result "1/2-1/2"]
[WhiteElo "1284"]
[BlackElo "1657"]
[PlyCount "109"]
[EventDate "2014.10.18"]
[EventType "team-tourn"]
[EventRounds "11"]
[EventCountry "SVK"]
[SourceTitle "EXT 2022"]
[Source "ChessBase"]
[SourceDate "2021.10.06"]
[SourceVersion "1"]
[SourceVersionDate "2021.10.06"]
[SourceQuality "1"]
[WhiteTeam "Stefanov II"]
[BlackTeam "Senica Slovakia"]
[WhiteTeamCountry "SVK"]
[BlackTeamCountry "SVK"]

1. e4 c5 2. Nf3 d6 3. d4 cxd4 4. Nxd4 e5 5. Nb5 a6 6. N5a3 b5 7. Bd3 Bb7 8. 0-0 Be7 9. Nd2 Nf6 10. c4 b4 11. Nc2 Nc6 12. Nf3 h6 13. b3 a5 14. Bb2 Qc7 15. Ne3 g6 16. Nd5 Nxd5 17. cxd5 Na7 18. Rc1 Qb8 19. Rc2 0-0 20. Qd2 Kg7 21. Bc1 Rh8 22. Qe2 Bc8 23. h3 Bd7 24. Be3 Nb5 25. Qd2 Nc3 26. Nh2 Bb5 27. Bxb5 Qxb5 28. Ng4 g5 29. f3 Rac8 30. h4 f6 31. hxg5 hxg5 32. Qf2 Rh5 33. Re1 Rch8 34. g3 Kg6 35. Bd2 Rh1+ 36. Kg2 Rxe1 37. Bxe1 Rc8 38. Bxc3 Rxc3 39. Rxc3 bxc3 40. Qc2 Qc5 41. Nf2 Qd4 42. Nd1 Qd2+ 43. Qxd2 cxd2 44. Kf2 f5 45. Ke2 g4 46. exf5+ Kxf5 47. fxg4+ Kxg4 48. Kxd2 Kxg3 49. Kd3 Kf3 50. Nc3 Bd8 51. Ne4 Bc7 52. Ng5+ Kg4 53. Ne4 Kf4 54. Nc3 Bb6 55. Ne4 1/2-1/2

[Event "SVK-chT5 SE-SI 1415"]
[Site "Slovakia"]
[Date "2014.10.18"]
[Round "1.4"]
[White "Tomasovic, Pavol"]
[Black "Kratochvilova, Lenka"]
[Result "1-0"]
[WhiteElo "1284"]
[BlackElo "1153"]
[PlyCount "93"]
[EventDate "2014.10.18"]
[EventType "team-tourn"]
[EventRounds "11"]
[EventCountry "SVK"]
[SourceTitle "EXT 2022"]
[Source "ChessBase"]
[SourceDate "2021.10.06"]
[SourceVersion "1"]
[SourceVersionDate "2021.10.06"]
[SourceQuality "1"]
[WhiteTeam "Stefanov II"]
[BlackTeam "Stefanov III"]
[WhiteTeamCountry "SVK"]
[BlackTeamCountry "SVK"]

1. e4 e5 2. Nf3 Nc6 3. Bb5 Bd6 4. 0-0 Nf6 5. Re1 0-0 6. c3 Na5 7. d4 c6 8. Ba4 b5 9. Bc2 Nc4 10. dxe5 Bc5 11. exf6 Qxf6 12. Bg5 Qe6 13. b3 Nb2 14. Qc1 f6 15. Be3 Bb6 16. Qxb2 d5 17. Bxb6 axb6 18. Nbd2 f5 19. exf5 Qf6 20. Re3 c5 21. Rae1 b4 22. Qa1 Ra3 23. cxb4 Qxa1 24. Rxa1 d4 25. Re4 cxb4 26. Nc4 b5 27. Nxa3 bxa3 28. Rae1 Rd8 29. Re8+ Rxe8 30. Rxe8+ Kf7 31. Rxc8 Kf6 32. Nxd4 Ke5 33. Nxb5 Kd5 34. Nxa3 Kd4 35. Rc4+ Kd5 36. f3 g6 37. fxg6 hxg6 38. g4 g5 39. Kg2 Ke6 40. Kg3 Ke5 41. h4 gxh4+ 42. Kxh4 Kd5 43. f4 Ke6 44. f5+ Ke5 45. g5 Kd6 46. Kg4 Ke7 47. f6+ 1-0

[Event "Senica op 6th"]
[Site "Senica"]
[Date "2014.08.30"]
[Round "6"]
[White "Kovaricek, Miroslav"]
[Black "Tomasovic, Pavol"]
[Result "1/2-1/2"]
[WhiteElo "1164"]
[BlackElo "1292"]
[PlyCount "44"]
[EventDate "2014.08.27"]
[EventType "swiss"]
[EventRounds "7"]
[EventCountry "SVK"]
[SourceTitle "EXT 2016"]
[Source "ChessBase"]
[SourceDate "2015.10.08"]
[SourceVersion "1"]
[SourceVersionDate "2015.10.08"]
[SourceQuality "1"]

1. e4 e6 2. d3 d5 3. exd5 exd5 4. g3 Nf6 5. Bg2 c6 6. Nf3 Bd6 7. Be3 0-0 8. 0-0 Bg4 9. c4 Nbd7 10. Qd2 Qc7 11. cxd5 Nxd5 12. Bd4 Rfe8 13. Nc3 N5f6 14. Rfe1 h6 15. Re3 Re6 16. Nh4 Rae8 17. h3 Bh5 18. Rae1 Rxe3 19. Rxe3 Be5 20. Bxe5 Rxe5 21. Rxe5 Nxe5 22. Qf4 Qe7 1/2-1/2

[Event "Senica op 6th"]
[Site "Senica"]
[Date "2014.08.29"]
[Round "4"]
[White "Tomasovic, Pavol"]
[Black "Drozd, Jan"]
[Result "0-1"]
[WhiteElo "1292"]
[BlackElo "1533"]
[PlyCount "108"]
[EventDate "2014.08.27"]
[EventType "swiss"]
[EventRounds "7"]
[EventCountry "SVK"]
[SourceTitle "EXT 2016"]
[Source "ChessBase"]
[SourceDate "2015.10.08"]
[SourceVersion "1"]
[SourceVersionDate "2015.10.08"]
[SourceQuality "1"]

1. e4 c5 2. Nf3 d6 3. d4 cxd4 4. Nxd4 Nf6 5. Nc3 g6 6. Be3 Bg7 7. Qd2 0-0 8. h4 Nc6 9. Bc4 Ne5 10. 0-0-0 Nxc4 11. Qd3 Ne5 12. Qf1 Neg4 13. f3 Nxe3 14. Qe2 Nxd1 15. Nxd1 e5 16. Nb5 a6 17. Nbc3 Be6 18. Ne3 d5 19. Rd1 Qa5 20. exd5 Nxd5 21. Nexd5 Bxd5 22. Nxd5 Qxa2 23. Nc3 Qa1+ 24. Kd2 Rad8+ 25. Ke1 Rxd1+ 26. Nxd1 Qa5+ 27. c3 Rd8 28. g3 Qd5 29. Ne3 Qd7 30. Nd1 f5 31. Nf2 e4 32. f4 b5 33. Nh3 Qd3 34. Qxd3 Rxd3 35. Kf2 Rd2+ 36. Ke3 Rxb2 37. Ng5 h6 38. Ne6 Kf7 39. Nc7 Ra2 40. Nd5 Ke6 41. Nb4 Ra3 42. Kd2 Bxc3+ 43. Kc2 Bxb4 44. Kb2 Rxg3 45. h5 gxh5 46. Kc2 Rf3 47. Kb2 h4 48. Kc2 h3 49. Kd1 h2 50. Ke2 Be7 51. Ke1 h1Q+ 52. Ke2 Ra3 53. Kf2 Qh2+ 54. Kf1 Ra1# 0-1

[Event "Senica op 6th"]
[Site "Senica"]
[Date "2014.08.27"]
[Round "1"]
[White "Tomasovic, Pavol"]
[Black "Palka, Miroslav"]
[Result "0-1"]
[WhiteElo "1292"]
[BlackElo "1885"]
[PlyCount "44"]
[EventDate "2014.08.27"]
[EventType "swiss"]
[EventRounds "7"]
[EventCountry "SVK"]
[SourceTitle "EXT 2016"]
[Source "ChessBase"]
[SourceDate "2015.10.08"]
[SourceVersion "1"]
[SourceVersionDate "2015.10.08"]
[SourceQuality "1"]

1. e4 c5 2. Nf3 d6 3. d4 cxd4 4. Nxd4 Nf6 5. Nc3 g6 6. Be2 Bg7 7. 0-0 0-0 8. Bg5 Nc6 9. Nxc6 bxc6 10. Qd2 Qb6 11. Na4 Qc7 12. f3 Be6 13. c4 Rab8 14. c5 d5 15. Bf4 Qb7 16. Bxb8 Rxb8 17. exd5 Nxd5 18. Rab1 Qc7 19. b3 Be5 20. g3 Rd8 21. Rbd1 Rd7 22. Bd3 h5 0-1

[Event "Senica op 5th"]
[Site "Senica"]
[Date "2013.08.07"]
[Round "7"]
[White "Tomasovic, Pavol"]
[Black "Diviak, Rudolf"]
[Result "0-1"]
[WhiteElo "1314"]
[BlackElo "1802"]
[PlyCount "84"]
[EventDate "2013.08.03"]
[EventType "swiss"]
[EventRounds "9"]
[EventCountry "SVK"]
[SourceTitle "CBM 156 Extra"]
[Source "ChessBase"]
[SourceDate "2013.10.22"]
[SourceVersion "1"]
[SourceVersionDate "2013.10.22"]
[SourceQuality "1"]

1. e4 g6 2. d4 Bg7 3. Nf3 d6 4. c3 Nf6 5. Bd3 Nbd7 6. 0-0 e5 7. Bg5 h6 8. Be3 Nh5 9. Qc1 g5 10. Na3 Nf4 11. Qd2 Nf8 12. Bxf4 gxf4 13. Nc4 Ng6 14. Be2 Qe7 15. dxe5 dxe5 16. Rad1 0-0 17. Qd5 Rb8 18. b3 b6 19. Rd2 b5 20. Na5 Be6 21. Nc6 Qa3 22. Qd3 Rb6 23. Nd8 Rd6 24. Qc2 Rfxd8 25. Rxd6 Rxd6 26. Bxb5 Bf8 27. Nd2 Qc5 28. Bc4 Bc8 29. Bd5 Ne7 30. Nc4 Nxd5 31. Nxd6 Ne3 32. fxe3 Qxe3+ 33. Kh1 Bxd6 34. h3 Bb7 35. Rf3 Qe1+ 36. Kh2 Bxe4 37. Qf2 Qd1 38. Qxa7 Bxf3 39. gxf3 Qxf3 40. Qg1+ Kh7 41. Qb1+ e4 42. Qg1 Qe2+ 0-1

[Event "Senica op 5th"]
[Site "Senica"]
[Date "2013.08.03"]
[Round "1"]
[White "Tomasovic, Pavol"]
[Black "Masek, Jan"]
[Result "0-1"]
[WhiteElo "1314"]
[BlackElo "1959"]
[PlyCount "44"]
[EventDate "2013.08.03"]
[EventType "swiss"]
[EventRounds "9"]
[EventCountry "SVK"]
[SourceTitle "CBM 156 Extra"]
[Source "ChessBase"]
[SourceDate "2013.10.22"]
[SourceVersion "1"]
[SourceVersionDate "2013.10.22"]
[SourceQuality "1"]

1. e4 e5 2. Nf3 Nc6 3. Bb5 f5 4. d4 fxe4 5. Nxe5 Nf6 6. 0-0 Be7 7. c3 0-0 8. Qb3+ d5 9. Nxc6 bxc6 10. Bxc6 Ba6 11. Bxa8 Bc4 12. Qd1 Bxf1 13. Bxd5+ Qxd5 14. Kxf1 Qf5 15. h3 Ng4 16. f3 exf3 17. hxg4 fxg2+ 18. Kxg2 Qf2+ 19. Kh1 Bd6 20. Qg1 Qh4+ 21. Kg2 Qxg4+ 22. Kh1 Qh3+ 0-1